| 000 | 00940cam a22002771i 4500 | ||
|---|---|---|---|
| 003 | EG-ScBUE | ||
| 005 | 20230313112743.0 | ||
| 008 | 071011s2008 enko f bd 000 0 eng d | ||
| 020 | _a9780500287118 | ||
| 040 |
_aStDuBDS _beng _erda _cStDuBDS _dUk _dEG-ScBUE |
||
| 082 | 0 | 4 |
_a779 _bPHO _222 |
| 245 | 0 | 0 |
_aPhoto art : _bthe new world of photography / _cedited by Uta Grosenick and Thomas Seelig. |
| 264 | 1 |
_aLondon : _bThames & Hudson Ltd, _c2008. |
|
| 300 |
_a519 pages : _bphotographs ; _c27 cm |
||
| 336 |
_2rdacontent _atext _btxt |
||
| 337 |
_2rdamedia _aunmediated _bn |
||
| 338 |
_2rdacarrier _avolume _bnc |
||
| 500 | _aIncludes glossary. | ||
| 504 | _aIncludes bibliographical references. | ||
| 650 | 7 |
_aPhotography, Artistic. _2BUEsh _937552 |
|
| 653 |
_bCOMAME _cMarch2015 |
||
| 655 | _vReading book | ||
| 700 | 1 |
_aGrosenick, Uta _eeditor. _937555 |
|
| 700 | 1 |
_aSeelig, Thomas, _d1964- _eeditor. _937557 |
|
| 942 |
_2ddc _k779 PHO _cBB |
||
| 999 |
_c19144 _d19116 |
||